Ground-Type Pokemon Moves - Statistics

General Stats
  • This quiz has been taken 777 times
  • The average score is 13 of 19
Answer Stats
Category Description Move % Correct
Physical Inflicts damage Earthquake
98%
Physical 2-turn attack, used to exit dungeons Dig
89%
Physical An OHKO move Fissure
85%
Status Lays a trap, opponent takes damage when switching in Spikes
81%
Status Weakens Electric type moves Mud Sport
79%
Status Accuracy -1 Sand-Attack
79%
Physical Cubone's/Marowak's signature move; 50 power Bonemerang
78%
Physical Power varies randomly Magnitude
78%
Special Inflicts damage, Accuracy -1 Mud-Slap
76%
Physical Cubone's/Marowak's signature move; 65 power Bone Club
75%
Special May lower target's Sp Defense -1 Earth Power
73%
Special Inflicts damage, Speed -1 Mud Shot
69%
Physical Lasts 4-5 turns Sand Tomb
65%
Physical Hits 2-5 times Bone Rush
62%
Special May lower target's Accuracy -1 Mud Bomb
62%
Physical Inflicts damage, Speed -1 Bulldoze
58%
Physical Zygarde's signature move Land's Wrath
44%
Status Attack +1, Sp Attack +1 for all Grass types Rototiller
33%
Physical High critical hit ratio Drill Run
31%
No matching quizzes found
Score Distribution
Percent of People with Each Score
Percentile by Number Answered
Your Score History
You have not taken this quiz